| 000 | 00615cam a2200205 a 4500 | ||
|---|---|---|---|
| 001 | 000004862 | ||
| 005 | 20200929151524.0 | ||
| 008 | 720623s1966 mx 000 p spa | ||
| 040 |
_aDO-SdBNP _cOAU _dDLC |
||
| 082 |
_aM861.42 _bB715s |
||
| 100 | 1 |
_aBonifaz Nuño, Rubén. _914091 |
|
| 245 | 1 | 0 |
_aSiete de espadas / _cRubén Bonifaz Nuño. |
| 260 |
_aMéxico, D. F. : _bJoaquín Mortiz, _c1966. |
||
| 300 |
_a143 p. ; _c21 cm. |
||
| 490 | 1 | _aLas Dos orillas | |
| 650 | 4 |
_aPoesía mexicana _99120 |
|
| 650 | 4 |
_aLiteratura mexicana _91922 |
|
| 830 | 0 |
_aLas Dos orillas _914092 |
|
| 910 | _aCatalogación por copia / LC | ||
| 999 |
_c4668 _d4668 |
||